00540 2200169 4500001002100000005001500021035002000036007000300056008004100059082001100100084001700111245014700128260000900275650003500284110003500319990001600354INLIS00000000000312220260408050239 a0010-0426000005ta260408 g 0 ind  a342.02 a342.02 PER p1 aPeraturan menteri dalam negeri republik indonesia nomor 80 tahun 2015 tentang pembentuka produk hukum daerah /cPeraturan menteri dalam negeri c2016 4aPeraturan menteri dalam negeri0 aPeraturan menteri dalam negeri a00000005339